| 000 | 00844nam a2200217Ia 4500 | ||
|---|---|---|---|
| 999 |
_c39479 _d39479 |
||
| 001 | 6073 | ||
| 003 | GE_BSU | ||
| 005 | 20190920150843.0 | ||
| 008 | 181216s1975||||ge |||||||||||||| ||geo|| | ||
| 040 | _cGE_BSU | ||
| 041 | _ageo | ||
| 080 | _a821.353.1-32 ა-80 | ||
| 100 |
_aართილაყვა, აკაკი _94190 |
||
| 245 |
_aურჩი აბესალომის ბედი / _cაკაკი ართილაყვა ; რედ. რევაზ ჯაფარიძე. |
||
| 264 |
_aთბილისი : _bმერანი ; _c1975. |
||
| 300 |
_a118 გვ. ; _c17 სმ. |
||
| 653 | _aურჩი აბესალომის ბედი | ||
| 653 | _aმოთხრობები | ||
| 700 |
_aჯაფარიძე, რევაზ _eრედაქტორი _94191 |
||
| 942 |
_cBK _2udc |
||